|
|
|
|
| LEADER |
02119nam a2200589 4500 |
| 001 |
ocn890801490 |
| 003 |
OCoLC |
| 005 |
20170124070229.2 |
| 006 |
m o d |
| 007 |
cr cnu---unuuu |
| 008 |
140918s2015 gw o 000 0 eng d |
| 040 |
|
|
|a N$T
|b eng
|e rda
|e pn
|c N$T
|d DG1
|d E7B
|d YDXCP
|d OCLCQ
|d OCLCF
|d OCLCQ
|d COO
|d DEBBG
|d GrThAP
|
| 020 |
|
|
|a 9783527672233
|q (electronic bk.)
|
| 020 |
|
|
|a 3527672230
|q (electronic bk.)
|
| 020 |
|
|
|a 9783527672226
|q (electronic bk.)
|
| 020 |
|
|
|a 3527672222
|q (electronic bk.)
|
| 020 |
|
|
|a 9783527672219
|q (electronic bk.)
|
| 020 |
|
|
|a 3527672214
|q (electronic bk.)
|
| 020 |
|
|
|a 9783527672165
|q (electronic bk.)
|
| 020 |
|
|
|a 3527672168
|q (electronic bk.)
|
| 020 |
|
|
|z 9783527335565
|
| 020 |
|
|
|a 3527335560
|
| 020 |
|
|
|a 9783527335565
|
| 029 |
1 |
|
|a CHBIS
|b 010259812
|
| 029 |
1 |
|
|a CHVBK
|b 325940096
|
| 029 |
1 |
|
|a GBVCP
|b 814753086
|
| 029 |
1 |
|
|a DEBBG
|b BV043397141
|
| 035 |
|
|
|a (OCoLC)890801490
|
| 050 |
|
4 |
|a QP620
|
| 072 |
|
7 |
|a SCI
|x 008000
|2 bisacsh
|
| 082 |
0 |
4 |
|a 574.87328
|2 23
|
| 049 |
|
|
|a MAIN
|
| 245 |
0 |
0 |
|a Nucleic acids as molecular diagnostics /
|c edited by Andreas Keller and Eckart Meese.
|
| 264 |
|
1 |
|a Weinheim, Germany :
|b Wiley-VCH,
|c [2015]
|
| 264 |
|
4 |
|c ©2015
|
| 300 |
|
|
|a 1 online resource.
|
| 336 |
|
|
|a text
|b txt
|2 rdacontent
|
| 337 |
|
|
|a computer
|b c
|2 rdamedia
|
| 338 |
|
|
|a online resource
|b cr
|2 rdacarrier
|
| 500 |
|
|
|a Title from PDF title page (viewed on Sept. 18, 2014).
|
| 588 |
0 |
|
|a Print version record.
|
| 504 |
|
|
|a Includes bibliographical references at the end of each chapters and index.
|
| 650 |
|
0 |
|a Nucleic acids.
|
| 650 |
|
7 |
|a SCIENCE
|x Life Sciences
|x Biology.
|2 bisacsh
|
| 650 |
|
7 |
|a Nucleic acids.
|2 fast
|0 (OCoLC)fst01041070
|
| 655 |
|
4 |
|a Electronic books.
|
| 655 |
|
0 |
|a Electronic books.
|
| 700 |
1 |
|
|a Keller, Andreas,
|e editor.
|
| 700 |
1 |
|
|a Meese, Eckart,
|e editor.
|
| 776 |
0 |
8 |
|i Print version:
|t Nucleic acids as molecular diagnostics.
|d Weinheim, Germany : Wiley-VCH, c2015
|h xx, 369 pages
|z 9783527335565
|
| 856 |
4 |
0 |
|u https://doi.org/10.1002/9783527672165
|z Full Text via HEAL-Link
|
| 994 |
|
|
|a 92
|b DG1
|